| 000 | 00404cam a2200169ua 4500 | ||
|---|---|---|---|
| 020 | _c2.00 | ||
| 041 |
_ahin _h |
||
| 082 |
_a891.43 _bMOH/AK |
||
| 100 | _aMohan, Rakesh . | ||
| 245 |
_aAkhiri chattan thak / _cMohan Rakesh. _hTextual Documents |
||
| 260 |
_aDelhi : _bRajkamal Prakashan , _c1962. |
||
| 300 | _a132 ; . | ||
| 365 | _a2.00 | ||
| 504 | _a | ||
| 942 | _cBK | ||
| 999 |
_c12684 _d12684 |
||